| 000 | 01069nam0a22002891 4500 | ||
|---|---|---|---|
| 001 | v19\rc\1271066 | ||
| 005 | 20250618023316.0 | ||
| 035 | _a(NLR Aleph) 004452209 | ||
| 090 |
_a4478474 _c4478474 |
||
| 100 | _a20060306d1895 |||y0rusy50 ca | ||
| 101 | 0 | _arus | |
| 102 | _aRU | ||
| 105 | _ay z ||||a | ||
| 200 | 1 |
_aСамсон и Далила К. Сен-Санса _e(Краткое содержание оперы и биогр. сведения о композиторе) _fСост. В.В. Ставский |
|
| 210 |
_aКазань _cтипо-лит. И.С. Перова _d1895 |
||
| 215 | _a12 с. | ||
| 532 | 1 | 0 | _aСамсон и Далила Камиля Сен-Санса |
| 702 | 0 |
_aСамсон _cбибл. _4570 |
|
| 702 | 0 |
_aДалила _cбибл. _4570 |
|
| 702 | 1 |
_4230 _7ca _8rus _aСен-Санс _bК. _f1835-1921 _gКамиль _9229465 _3RU\NLR\AUTH\770229521 |
|
| 702 | 1 |
_aСтавский _bВ.В. _4220 |
|
| 801 | 0 |
_aRU _bNLR _gpsbo |
|
| 801 | 1 |
_aRU _bProSoft-M _2rusmarc |
|
| 852 |
_aNLR _j18.265.8.162 |
||
| 942 | _cBOOK | ||
| 980 | _aNB | ||